Painting in the dark : (Record no. 21311)

MARC details
000 -LEADER
fixed length control field 01755cam a22003854a 4500
001 - CONTROL NUMBER
control field 14199865
003 - CONTROL NUMBER IDENTIFIER
control field OSt
005 - DATE AND TIME OF LATEST TRANSACTION
control field 20260220154115.0
008 - FIXED-LENGTH DATA ELEMENTS--GENERAL INFORMATION
fixed length control field 051214s2006 tnu b 000 0 eng
010 ## - LIBRARY OF CONGRESS CONTROL NUMBER
LC control number 2005036459
020 ## - INTERNATIONAL STANDARD BOOK NUMBER
International Standard Book Number 1591454271
Qualifying information pbk.
020 ## - INTERNATIONAL STANDARD BOOK NUMBER
International Standard Book Number 9781591454274
Qualifying information (pbk.)
035 ## - SYSTEM CONTROL NUMBER
System control number 14199865
040 ## - CATALOGING SOURCE
Original cataloging agency DLC
Transcribing agency DLC
Modifying agency DLC
042 ## - AUTHENTICATION CODE
Authentication code pcc
050 00 - LIBRARY OF CONGRESS CALL NUMBER
Classification number BV4501.3
Item number .T477 2006
082 00 - DEWEY DECIMAL CLASSIFICATION NUMBER
Classification number 248.4
Edition number 22
100 1# - MAIN ENTRY--PERSONAL NAME
Personal name Thorson, Paul.
245 10 - TITLE STATEMENT
Title Painting in the dark :
Remainder of title the longing to be seen, to be heard, to be known /
Statement of responsibility, etc. Paul Thorson.
260 ## - PUBLICATION, DISTRIBUTION, ETC. (IMPRINT)
Place of publication, distribution, etc. Nashville :
Name of publisher, distributor, etc. Integrity Publishers,
Date of publication, distribution, etc. c2006.
300 ## - PHYSICAL DESCRIPTION
Extent 165 p. ;
Dimensions 21 cm.
336 ## - CONTENT TYPE
Content type term text
Content type code txt
Source rdacontent
337 ## - MEDIA TYPE
Media type term unmediated
Media type code n
Source rdamedia
338 ## - CARRIER TYPE
Carrier type term volume
Carrier type code nc
Source rdacarrier
504 ## - BIBLIOGRAPHY, ETC. NOTE
Bibliography, etc Includes bibliographical references (p. 164).
505 0# - FORMATTED CONTENTS NOTE
Formatted contents note Introduction -- A performance -- A little girl -- Voices -- Billy and me -- Name dropping in siberia -- Painting in the dark -- The cliffs of fairness -- In pursuit of glory -- The pretenders -- A profound repentance -- Hide-and seek -- The giver of weakness -- The giver of grace -- Vertigo -- Space.
520 ## - SUMMARY, ETC.
Summary, etc. "Escaping the performance trap to find a new sense of self, and a new sense of God"--Provided by publisher.
650 #0 - SUBJECT ADDED ENTRY--TOPICAL TERM
Topical term or geographic name as entry element Christian life.
856 41 - ELECTRONIC LOCATION AND ACCESS
Materials specified Table of contents only
Uniform Resource Identifier <a href="http://www.loc.gov/catdir/toc/ecip065/2005036459.html">http://www.loc.gov/catdir/toc/ecip065/2005036459.html</a>
856 42 - ELECTRONIC LOCATION AND ACCESS
Materials specified Publisher description
Uniform Resource Identifier <a href="http://www.loc.gov/catdir/enhancements/fy0707/2005036459-d.html">http://www.loc.gov/catdir/enhancements/fy0707/2005036459-d.html</a>
906 ## - LOCAL DATA ELEMENT F, LDF (RLIN)
a 7
b cbc
c orignew
d 1
e ecip
f 20
g y-gencatlg
942 ## - ADDED ENTRY ELEMENTS (KOHA)
Source of classification or shelving scheme Library of Congress Classification
Koha item type General Collection
Holdings
Withdrawn status Lost status Source of classification or shelving scheme Not for loan Home library Current library Shelving location Date acquired Source of acquisition Inventory number Total Checkouts Full call number Barcode Date last seen Copy number Price effective from Koha item type
    Library of Congress Classification   Kabarak, Main Campus Kabarak, Main Campus General Stacks 20/02/2026 Donation 2025/3768   BV4501.3 .T477 2006 C.1 38388 20/02/2026 C.1 20/02/2026 General Collection
Designed with assistance from East African Informatics Ltd